[Event "IECC M email"]
[Site "IECC email"]
[Date "2002.02.23"]
[Round "?"]
[White "Emerson, Richard M"]
[Black "Pacholek, Joseph M"]
[Result "1-0"]
[WhiteElo "1213"]
[BlackElo "1216"]
[PlyCount "31"]
[EventDate "2002.??.??"]
[EventType "tourn (corr)"]
[EventRounds "6"]
[SourceTitle "Corr 2008"]
[Source "ChessBase"]
[SourceDate "2008.06.24"]
[SourceVersion "1"]
[SourceVersionDate "2008.06.24"]
[SourceQuality "1"]

1. e4 e5 2. Nf3 d5 3. Nxe5 Qf6 4. d4 dxe4 5. Bc4 Be6 6. d5 Qxe5 7. dxe6 fxe6 8. 0-0 Bd6 9. g3 h5 10. Bf4 Qxb2 11. Bxd6 Qxa1 12. Bxc7 Qf6 13. Re1 Nd7 14. Rxe4 Nc5 15. Rf4 Qe7 16. Bd6 1-0